000 00433nam a2200157Ia 4500
008 220204s9999 xx 000 0 und d
082 _a581.5
_bMANI
100 _aMANI, M S
245 0 _aFundamentals of high altitude biology
260 _aNew Delhi
_bOxford & IBH
_c1974
650 _aHigh altitude animal
650 _aHigh altitude environment
650 _aHigh altitude insect
650 _aHigh altitude plant
942 _cBK
999 _c28636
_d28636